000 01062cab a2200361 4500
001 ABS56449
008 090401t1997 xxu||||| |||| 00| 0 eng d
035 _a(Sirsi) u23677
041 _aeng
245 _aFocus `97: Oxfordshire and Warwickshire
260 _c1997
350 _a0
490 _aEstates Gazette
_v(9701) 11 January 1997, 85-11(14)
650 _aBICESTER
650 _aBRITISH ACADEMY OF SPORT
650 _aFACTORY OUTLETS
650 _aINDUSTRIAL MARKET
650 _aINDUSTRIAL RENTS
650 _aLEAMINGTON SPA
650 _aLEISURE DEVELOPMENT
650 _aPROPERTY-COMMERCIAL PROPERTY-OFFICE PROPERTY-OFFICE PROPERTY MARKET
650 _aOFFICE RENTS
650 _aOXFORD
650 _aOXFORDSHIRE
650 _aPROPERTY-COMMERCIAL PROPERTY-RETAIL PROPERTY-RETAIL PROPERTY MARKET
650 _aSPORTS CENTRES
650 _aTRANSPORT ISSUES
650 _aUPPER HEYFORD
650 _aWARWICKSHIRE
690 _aPROPERTY-COMMERCIAL PROPERTY-COMMERCIAL PROPERTY MARKET
942 _n0
948 _c04/03/1997
999 _c15848
_d15848